Tiere Afrikas - BilderQuiz - Statistiken

Allgemein
  • Dieses Quiz wurde 258 mal gespielt
  • Das Durchschnittsergebnis liegt bei 15 aus 16
Antwortstatistiken
Bildquiz Antwort % Korrekt
Elefant
100%
Löwe
100%
Nashorn
99%
Krokodil
97%
Skorpion
97%
Gorilla
96%
Leopard
96%
Nilpferd
95%
Strauß
95%
Erdmännchen
94%
Gepard
94%
Hyäne
93%
Büffel
81%
Gnu
78%
Gazelle
74%
Warzenschwein
73%
Keine übereinstimmenden Quizze gefunden
Verteilung der Resultate
Anzahl Personen mit jedem Resultat
Perzentil nach korrekt beantworteten Fragen
Ihre Resultats-Entwicklung
Sie haben dieses Quiz noch nicht gespielt